000 00743nam a2200265Ia 4500
003 OSt
005 20221006153729.0
006 a|||||r|||| 00| 0
007 ta
008 221006b |||||||| |||| 00| 0 chi d
020 _a9787301023174
_cYu 21.00
024 _a33,170
037 _bGIFT, NOCFL
_cAnnuals, Advances
040 _aEASL
_cEASL
_bchi
041 _2chi
_achi
082 _aY:356.41, P3
100 _aYANG Cun Tian Au.
_9665180
245 0 _aZhong guo feng su gai
260 _aBeijing
_bBeijing daxue chu ban she China
_c2003
300 _a352p.
_ccm.
490 _v CL
650 _aCL
_9642733
942 _hY:356.41, P3
_cREF
_2CC
999 _c1101256
_d1101256